00342 2200145 4500001002100000005001500021035002000036245003000056100001500086260003500101082001000136084001600146020002200162990001200184INLIS00000000000167620250429111747 a0010-04250000921 aOishi Study /cWatase Yuu0 aWatase Yuu aJakarta :bPT. Gramedia,c2014 a741.3 a741.3 WAT o a978-602-26-6372-0 a0754667